| 000 | 00650nam a22001457a 4500 | ||
|---|---|---|---|
| 999 |
_c38493 _d38493 |
||
| 082 | _aRS.0963 | ||
| 100 |
_aSaxena, Ashish _uUniversity of Allahabad _vAllahabad - Uttar Pradesh |
||
| 245 |
_aState Initiatives Changing Agrarian Society and The Backward Castes: _bA Study of Social Mobility Among Dalits of Rural Eastern U.P _c/ Ashish Saxena |
||
| 260 |
_aAllahabad: _bUniversity of Allahabad, _c2017 |
||
| 300 | _a251p. | ||
| 500 | _aIncluding Pictures and References | ||
| 536 | _aIndian Council of Social Science Research (ICSSR) | ||
| 650 |
_aSocial Mobility _aDalits _vCaste System _vSocial Class _xSociology _zEastern Uttar Pradesh |
||
| 942 |
_2ddc _cRP |
||